Statistics for Germany Football Team World Cup Starting XI

Click here to take the quiz!

General Stats

  • This quiz has been taken 4,150 times
    (2,526 since last reset)
  • The average score is 34 of 120

Answer Stats

Player% Correct
Manuel Neuer
99%
Thomas Müller
97%
Gerd Müller
96%
Dieter Müller
95%
Miroslav Klose
87%
Philipp Lahm
86%
Mats Hummels
84%
Jérôme Boateng
83%
Toni Kroos
83%
Joshua Kimmich
82%
Oliver Kahn
81%
Bastian Schweinsteiger
80%
Mesut Özil
77%
Leroy Sané
75%
Serge Gnabry
72%
Sami Khedira
70%
Antonio Rüdiger
69%
Leon Goretzka
69%
Niklas Süle
68%
Jamal Musiala
66%
Franz Beckenbauer
65%
İlkay Gündoğan
62%
Lothar Matthäus
62%
Marco Reus
61%
Michael Ballack
61%
Lukas Podolski
58%
Jens Lehmann
57%
Timo Werner
56%
Benedikt Höwedes
52%
Per Mertesacker
49%
Jürgen Klinsmann
44%
Karl-Heinz Rummenigge
44%
Rudi Völler
44%
David Raum
41%
Karl Mai
34%
Sepp Maier
34%
Andreas Brehme
33%
Torsten Frings
31%
Jonas Hector
28%
Matthias Sammer
28%
Oliver Bierhoff
28%
Arne Friedrich
27%
Harald Schumacher
27%
Julian Draxler
27%
Christoph Metzelder
26%
Paul Breitner
26%
Bernd Schneider
25%
Helmut Rahn
25%
Uli Hoeneß
25%
Uwe Seeler
25%
Jürgen Kohler
23%
Oliver Neuville
22%
Stefan Effenberg
21%
Andreas Köpke
20%
Bodo Illgner
20%
Fritz Walter
20%
Ottmar Walter
19%
Andreas Möller
17%
Dietmar Hamann
16%
Thomas Häßler
16%
Berti Vogts
15%
Christian Ziege
15%
Jens Jeremies
15%
Pierre Littbarski
15%
Carsten Ramelow
13%
Klaus Augenthaler
13%
Thomas Linke
13%
Hans-Georg Schwarzenbeck
12%
Guido Buchwald
11%
Wolfgang Overath
11%
Christian Wörns
10%
Felix Magath
10%
Klaus Allofs
9%
Klaus Fischer
9%
Toni Turek
9%
Hans Schäfer
8%
Jürgen Grabowski
8%
Max Morlock
8%
Thomas Berthold
8%
Willi Schulz
8%
Bernd Förster
7%
Bernd Hölzenbein
7%
Hans-Peter Briegel
7%
Karl-Heinz Förster
7%
Rainer Bonhof
7%
Manfred Kaltz
6%
Uli Stielike
6%
Uwe Bein
6%
Helmut Haller
5%
Horst Eckel
5%
Jörg Heinrich
5%
Karl-Heinz Schnellinger
5%
Michael Tarnat
5%
Hans Tilkowski
4%
Bernard Dietz
3%
Heinz Flohe
3%
Horst-Dieter Höttges
3%
Josef Posipal
3%
Lothar Emmerich
3%
Reinhard Libuda
3%
Werner Kohlmeyer
3%
Werner Liebrich
3%
Wolfgang Dremmler
3%
Wolfgang Weber
3%
Ditmar Jakobs
2%
Horst Szymaniak
2%
Klaus Fichtel
2%
Norbert Eder
2%
Sigfried Held
2%
Wolfgang Fahrian
2%
Albert Brülls
1%
Erich Beer
1%
Erich Juskowiak
1%
Fritz Herkenrath
1%
Georg Stollenwerk
1%
Hannes Löhr
1%
Hans Nowak
1%
Herbert Erhardt
1%
Rolf Rüssmann
1%
Willi Giesemann
1%

Score Distribution

Percentile by Number Answered

Percent of People with Each Score

Your Score History

You have not taken this quiz since the last reset